[Event "December is Latin for Choclate for Breakfast Month"]
[Site "SchemingMind.com"]
[Date "2023.01.25"]
[Round "-"]
[White "Kid A"]
[Black "ray winteringham"]
[Result "1-0"]
[WhiteCountry "FIN"]
[BlackCountry "ENG"]
[WhiteElo "1653"]
[WhiteRD "135"]
[BlackElo "1416"]
[BlackRD "47"]
[GameID "730636"]

1. e4 e5 2. Nf3 d6 3. Bc4 Bg4 4. c3 Nf6 5. Qb3 Qd7 6. Qxb7 Qc6 7. Bb5 Kd7 8. Bxc6+ Nxc6 9. Qxa8 Nxe4 10. d3 Nc5
11. O-O Bxf3 12. gxf3 g6 13. Bh6 Nd8 14. Bxf8 Rxf8 15. Qxa7 Nc6 16. Qa3 Nxd3 17. Nd2 Rb8 18. b4 Nf4 19. Ne4 Ke6 20. Rad1 h6
21. Rfe1 Nh3+ 22. Kf1 f5 23. Qb3+ Ke7 24. Qd5 Nd8 25. Nxd6 cxd6 26. Qxd6+
1-0

[Event "December is Latin for Choclate for Breakfast Month"]
[Site "SchemingMind.com"]
[Date "2023.01.25"]
[Round "-"]
[White "ray winteringham"]
[Black "Kid A"]
[Result "0-1"]
[WhiteCountry "ENG"]
[BlackCountry "FIN"]
[WhiteElo "1416"]
[WhiteRD "47"]
[BlackElo "1653"]
[BlackRD "135"]
[GameID "730637"]

1. e4 e5 2. Nf3 Nc6 3. Bc4 Nf6 4. Bxf7+ Kxf7 5. Ng5+ Ke8 6. d3 Bc5 7. Qf3 Nd4 8. Qd1 d6 9. O-O h6 10. Nf3 Bg4
11. Nbd2 Rf8 12. c3 Ne6 13. b4 Bb6 14. a4 a5 15. b5 Nf4 16. Bb2 Nxd3 17. Ba3 Nc5 18. Bxc5 Bxc5 19. Qe1 Nh5 20. h3 Bxf3
21. Nxf3 Nf4 22. Kh2 Qd7 23. Ng1 Nd3 24. Qe2 Nxf2 25. Ra2 Qf7 26. Nf3 Qf4+ 27. Kg1 Nxe4+ 28. Kh1 Ng3+
0-1

[Event "December is Latin for Choclate for Breakfast Month"]
[Site "SchemingMind.com"]
[Date "2023.01.31"]
[Round "-"]
[White "roscoe"]
[Black "Chessibelle"]
[Result "0-1"]
[WhiteCountry "USA"]
[BlackCountry "ENG"]
[WhiteElo "1158"]
[WhiteRD "82"]
[BlackElo "1160"]
[BlackRD "54"]
[GameID "730817"]

1. c4 d6 2. h3 Nf6 3. Nf3 g6 4. Nc3 e5 5. e4 Be7 6. Be2 O-O 7. O-O b6 8. d4 Nbd7 9. dxe5 Ne8 10. Nd5 dxe5
11. Nxe7+ Qxe7 12. Bg5 f6 13. Qd5+ Rf7 14. Qxa8 fxg5 15. Nd2 Qd6 16. Qxc8 Kf8 17. a3 Qxd2 18. Rfe1 Qd4 19. Bf3 Qc5 20. Qb7 h6
21. Rac1 h5 22. b4 Qe7 23. Re3 Kg7 24. Qd5 Ndf6 25. Qd3 g4 26. hxg4 hxg4 27. Bd1 Nh5 28. Bxg4 Nf4 29. Qc3 Qg5 30. f3 c5
31. bxc5 bxc5 32. Rb1 Qh4 33. Qxe5+ Kf8 34. Qxc5+ Kg8 35. e5 Qg3 36. Qc6 Qxg2#
0-1

[Event "December is Latin for Choclate for Breakfast Month"]
[Site "SchemingMind.com"]
[Date "2023.01.31"]
[Round "-"]
[White "Chessibelle"]
[Black "roscoe"]
[Result "0-1"]
[WhiteCountry "ENG"]
[BlackCountry "USA"]
[WhiteElo "1160"]
[WhiteRD "54"]
[BlackElo "1158"]
[BlackRD "82"]
[GameID "730818"]

1. Nf3 d5 2. d4 Nf6 3. h3 Nc6 4. e3 a6 5. Be2 g6 6. Nc3 Bg7 7. O-O O-O 8. Ng5 Bh6 9. f4 Bxg5 10. fxg5 Ne4
11. Qe1 Qd6 12. Rf3 Nb4 13. Qd1 Ng3 14. a3 Nc6 15. Bd3 Bf5 16. b4 e5 17. Ne2 e4 18. Rxg3 exd3 19. cxd3 Rfe8 20. Nf4 b5
21. h4 a5 22. Qf3 axb4 23. Qe2 Nxd4 24. Qd1 Ne6 25. Qd2 d4 26. Qf2 bxa3 27. e4 Bxe4 28. dxe4 Nc5 29. Bd2 Rxe4 30. Rf1 Ne6
31. Qf3 Nc5 32. Nh3 h5 33. Bf4 Qe7 34. Bd2 a2 35. Kh2 a1=Q 36. Qf2 Qxf1 37. Qxf1 Rxh4 38. Qf2 Ne4 39. Qf3 Ra2 40. Be1 Nxg3
41. Bxg3 Re4 42. Qb3 Ree2 43. Nf2 Qxg5 44. Qf3 Re3 45. Qd1 Qxg3+ 46. Kg1 Qxf2+
0-1

[Event "December is Latin for Choclate for Breakfast Month"]
[Site "SchemingMind.com"]
[Date "2023.01.31"]
[Round "-"]
[White "Kid A"]
[Black "Chessibelle"]
[Result "1-0"]
[WhiteCountry "FIN"]
[BlackCountry "ENG"]
[WhiteElo "1843"]
[WhiteRD "89"]
[BlackElo "1160"]
[BlackRD "56"]
[GameID "730819"]

1. e4 e5 2. f4 Nc6 3. Nf3 d6 4. Bc4 h6 5. c3 Nf6 6. O-O Be7 7. d4 d5 8. exd5 Na5 9. dxe5 Nd7 10. Bd3 O-O
11. b4 b6 12. bxa5 Nc5 13. c4 f6 14. Bc2 Ba6 15. Na3 Bb7 16. Nb5 c6 17. Nc3 b5 18. d6 Qe8 19. Ba3 Bd8 20. Bxc5 a6
21. Qd3 f5 22. Nd4 Bc8 23. cxb5 Qg6 24. bxc6 Qh5 25. e6 Rf6 26. d7 Bc7 27. e7 Bd6 28. d8=Q+ Kh7 29. Bxd6 Rg6 30. e8=Q
1-0

[Event "December is Latin for Choclate for Breakfast Month"]
[Site "SchemingMind.com"]
[Date "2023.01.31"]
[Round "-"]
[White "Chessibelle"]
[Black "Kid A"]
[Result "0-1"]
[WhiteCountry "ENG"]
[BlackCountry "FIN"]
[WhiteElo "1160"]
[WhiteRD "56"]
[BlackElo "1843"]
[BlackRD "89"]
[GameID "730820"]

1. Nf3 d5 2. d3 Nf6 3. g3 c5 4. e3 Nc6 5. Be2 e5 6. b3 Bd6 7. O-O h5 8. Nc3 Bh3 9. Re1 h4 10. Nxh4 Rxh4
11. gxh4 Qe7 12. Bf3 O-O-O 13. a3 e4 14. Bh1 Rh8 15. Nb5 Rxh4 16. f3 exf3 17. Bxf3 Bb8 18. d4 Ne4 19. c4 Qg5+ 20. Kh1 Nf2#
0-1

[Event "December is Latin for Choclate for Breakfast Month"]
[Site "SchemingMind.com"]
[Date "2023.02.03"]
[Round "-"]
[White "cnile"]
[Black "Chessibelle"]
[Result "1-0"]
[WhiteCountry "SCO"]
[BlackCountry "ENG"]
[WhiteElo "1354"]
[WhiteRD "57"]
[BlackElo "1160"]
[BlackRD "54"]
[GameID "730821"]

1. e4 e5 2. Nc3 Nc6 3. g3 d6 4. Bg2 b6 5. Nge2 Nf6 6. O-O g6 7. d3 Be7 8. f4 Qd7 9. fxe5 O-O 10. exf6 Bd8
11. Bh6 Ne5 12. Bxf8 Kxf8 13. Nd5 Qe6 14. Qd2 c6 15. Qh6+ Ke8 16. Ndf4 Qxf6 17. Nd5 Qe6 18. Ne3 Kd7 19. Bh3 f5 20. Qg7+ Be7
21. exf5 gxf5 22. Bxf5 Qxf5 23. Nxf5 c5 24. Qxe7+ Kc6 25. Qxd6+ Kb5 26. Qxe5 Bd7 27. Nc3+ Kb4 28. Rf4+ c4 29. Rxc4#
1-0

[Event "December is Latin for Choclate for Breakfast Month"]
[Site "SchemingMind.com"]
[Date "2023.02.03"]
[Round "-"]
[White "Chessibelle"]
[Black "cnile"]
[Result "1-0"]
[WhiteCountry "ENG"]
[BlackCountry "SCO"]
[WhiteElo "1160"]
[WhiteRD "54"]
[BlackElo "1354"]
[BlackRD "57"]
[GameID "730822"]

1. Nf3 d5 2. d4 Nf6 3. e3 g6 4. g3 Bg7 5. Be2 O-O 6. O-O Nbd7 7. b3 Re8 8. Bb2 c6 9. Nh4 e5 10. Nd2 e4
11. f3 Nf8 12. c3 Ne6 13. c4 Ng5 14. f4 Bd7 15. Ng2 Nh3+ 16. Kh1 g5 17. g4 Qc8 18. f5 h5 19. gxh5 g4 20. Nh4 Bh6
21. Bxg4 Nxg4 22. Qxg4+ Ng5 23. Rg1 f6 24. Ng2 Bxf5 25. Qg3 Kh7 26. Qd6 Nh3 27. Rge1 Bxe3 28. Nxe3 Rg8 29. Rf1 Qe6 30. Qc7+ Kh6
31. Nxf5+ Kxh5 32. Qh7+ Kg4 33. Qh4#
1-0

[Event "December is Latin for Choclate for Breakfast Month"]
[Site "SchemingMind.com"]
[Date "2023.02.01"]
[Round "-"]
[White "Goz"]
[Black "Chessibelle"]
[Result "1-0"]
[WhiteCountry "ENG"]
[BlackCountry "ENG"]
[WhiteElo "1355"]
[WhiteRD "74"]
[BlackElo "1160"]
[BlackRD "56"]
[GameID "730823"]

1. d4 d5 2. e3 Bd7 3. Nf3 f6 4. Be2 h6 5. O-O g5 6. c4 Bc6 7. c5 Bg7 8. h3 f5 9. Nc3 Nf6 10. Ne5 O-O
11. Ng6 Rf7 12. Ne5 Rf8 13. f4 b6 14. b4 Be8 15. fxg5 hxg5 16. Rxf5 Nbd7 17. Nc6 Qc8 18. Nxe7+ Kh7 19. Nxc8 Rxc8 20. Rxg5 Bh6
21. Rg3 Bf7 22. Bf3 c6 23. e4 Kh8 24. Bxh6 Rfe8 25. Rg7 Be6 26. Bh5 b5 27. Bxe8 Rxe8 28. e5 Rf8 29. Qf3 a6 30. Qg3 Nb8
31. Qg6 Nbd7 32. Bg5
1-0

[Event "December is Latin for Choclate for Breakfast Month"]
[Site "SchemingMind.com"]
[Date "2023.02.01"]
[Round "-"]
[White "Chessibelle"]
[Black "Goz"]
[Result "0-1"]
[WhiteCountry "ENG"]
[BlackCountry "ENG"]
[WhiteElo "1160"]
[WhiteRD "56"]
[BlackElo "1355"]
[BlackRD "74"]
[GameID "730824"]

1. Nf3 d5 2. d4 Nc6 3. a3 e6 4. Bd2 Nf6 5. h3 Be7 6. e3 a6 7. Be2 O-O 8. O-O b6 9. c3 Ne4 10. Bc1 b5
11. b4 Bf6 12. Re1 e5 13. Bb2 Ng5 14. Nbd2 Nxf3+ 15. Nxf3 e4 16. Nd2 Ne7 17. f3 exf3 18. Bxf3 c6 19. e4 Bb7 20. e5 Bg5
21. Nf1 Nf5 22. Qd3 g6 23. Nh2 Ng3 24. Bg4 h5 25. Bd1 h4 26. Kf2 Bc8 27. Ng4 Bxg4 28. Bxg4 f5 29. Bf3 Kg7 30. c4 Ne4+
31. Kg1 Bf4 32. Kf1 Qg5 33. Qc2 Qg3 34. Be2 Qf2#
0-1

[Event "December is Latin for Choclate for Breakfast Month"]
[Site "SchemingMind.com"]
[Date "2023.01.31"]
[Round "-"]
[White "kenneth m day"]
[Black "Chessibelle"]
[Result "1-0"]
[WhiteCountry "USA"]
[BlackCountry "ENG"]
[WhiteElo "1628"]
[WhiteRD "56"]
[BlackElo "1160"]
[BlackRD "56"]
[GameID "730825"]

1. e4 e5 2. Nf3 d6 3. Bc4 h6 4. d4 Qf6 5. O-O c6 6. Nc3 a6 7. dxe5 Qd8 8. Bf4 g5 9. Bg3 b5 10. Bb3 Nd7
11. exd6 Qf6 12. e5 Qd8 13. Re1 Bg7 14. e6 Nc5 15. exf7+ Kf8 16. Re8+
1-0

[Event "December is Latin for Choclate for Breakfast Month"]
[Site "SchemingMind.com"]
[Date "2023.01.31"]
[Round "-"]
[White "Chessibelle"]
[Black "kenneth m day"]
[Result "0-1"]
[WhiteCountry "ENG"]
[BlackCountry "USA"]
[WhiteElo "1160"]
[WhiteRD "56"]
[BlackElo "1628"]
[BlackRD "56"]
[GameID "730826"]

1. Nf3 Nf6 2. d4 d6 3. e3 g6 4. g3 Bg7 5. Be2 O-O 6. O-O Bh3 7. Re1 Nbd7 8. b4 Ne4 9. Nbd2 Nc3 10. Ne4 Nxd1
11. Rxd1 c5 12. Nfg5 Bf5 13. c3 h6 14. Nf3 Bxe4 15. dxc5 Bxc3 16. Nh4 Bxa1 17. Bd2 Bf6 18. f3 Bc6 19. e4 Ne5 20. Bxh6 Re8
21. Rd4 Nxf3+ 22. Bxf3 Bxd4+ 23. Kg2 dxc5 24. bxc5 Bxc5 25. g4 Qd4 26. Kh3 Qg1 27. Bg2 e5 28. Nf3 Qf2 29. Bg5 Kg7 30. Bh4 Rh8
31. Ng5 Rxh4#
0-1

[Event "December is Latin for Choclate for Breakfast Month"]
[Site "SchemingMind.com"]
[Date "2023.01.31"]
[Round "-"]
[White "ray winteringham"]
[Black "Chessibelle"]
[Result "0-1"]
[WhiteCountry "ENG"]
[BlackCountry "ENG"]
[WhiteElo "1401"]
[WhiteRD "48"]
[BlackElo "1160"]
[BlackRD "56"]
[GameID "730827"]

1. e4 e5 2. Nf3 d6 3. Bc4 h6 4. d3 Be7 5. O-O Nf6 6. a3 O-O 7. h3 b6 8. Nc3 Qd7 9. Bd5 Nxd5 10. Nxd5 Bd8
11. b4 Nc6 12. Bb2 a5 13. b5 Na7 14. c4 Qe6 15. a4 Qg6 16. Nh4 Bxh4 17. Nxc7 Bxh3 18. Qf3 Bg4 19. Qe3 Rac8 20. Nd5 f5
21. Ne7+ Bxe7 22. Qxb6 Bh3 23. g3 f4 24. Qxa7 Rce8 25. Kh2 Qh5 26. Rh1 Bg4+ 27. Kg1 Qg6 28. Kg2 Qg5 29. Rag1 fxg3 30. Bc1 Bf3+
31. Kf1 Qxc1#
0-1

[Event "December is Latin for Choclate for Breakfast Month"]
[Site "SchemingMind.com"]
[Date "2023.01.31"]
[Round "-"]
[White "Chessibelle"]
[Black "ray winteringham"]
[Result "0-1"]
[WhiteCountry "ENG"]
[BlackCountry "ENG"]
[WhiteElo "1160"]
[WhiteRD "56"]
[BlackElo "1401"]
[BlackRD "48"]
[GameID "730828"]

1. Nf3 Nc6 2. d4 d5 3. g3 Bf5 4. a3 e6 5. Bd2 Bd6 6. e3 Nf6 7. Be2 Qd7 8. O-O a6 9. Nc3 O-O-O 10. Na4 Na7
11. b3 Kb8 12. c4 dxc4 13. Bxc4 b5 14. Be2 bxa4 15. bxa4 Ka8 16. Bxa6 Nc8 17. Bb5 c6 18. Bd3 Bxd3 19. Re1 Na7 20. Qb3 Be4
21. Ng5 Bd5 22. Qc3 h6 23. Nh3 Ne4 24. Qb2 Bc7 25. Nf4 Rb8 26. Bb4 c5 27. dxc5 Nxc5 28. Qc3 Ne4 29. Qc2 Rhc8 30. Qd3 Qxa4
31. Qc3 f6 32. Nd3 Nxc3 33. Bxc3 Qe4 34. Nc5 Qg2#
0-1